000 00366 a2200109 4500
022 _a9780309119702
082 _a174.95 NAS
245 _aOn Being A Scientist A Guide to Responsible Conduct in Research /
_cNational Academies of Sciences
250 _a3rd ed.
260 _aWashington :
_bThe National Academies Press,
_c2009
300 _axviii, 63p. :
_bill. ;
_c30 cm
650 _aBeing A Scientist
999 _c2066
_d2066